| 000 | 00655nam a22002057a 4500 | ||
|---|---|---|---|
| 003 | OSt | ||
| 005 | 20251201133327.0 | ||
| 008 | 251201b |||||||| |||| 00| 0 eng d | ||
| 020 | _a978-971-27-3292-8 | ||
| 040 |
_aDWCL - Main _cOC |
||
| 082 | _aF E42 2016 | ||
| 100 |
_aHau, Caroline S. _eEditor |
||
| 245 |
_aElite : _bAn Anthology / _cCaroline S. Hau [and two others] |
||
| 260 |
_aMandaluyong City, Philippines: _bAnvil Publishing, Inc., _cc2016. |
||
| 300 |
_axxii, 355 pages: _billustration; _c23cm. |
||
| 650 | _a1. Fiction - Literary | ||
| 700 |
_aI. Katrina Tuvera _eEditor |
||
| 700 |
_aII. Isabelita O. Reyes _eEditor |
||
| 942 |
_2ddc _cFIC. _n0 |
||
| 999 |
_c6657 _d6657 |
||